000 00601nam a22001817a 4500
005 20160809150203.0
010 _a1617EN
020 _a9789332575943
_c799.00
037 _adpl
_bTachniz
100 _aGottschling, Peter
245 _aDiscovering modern c++:
_cby Peter Gottschling
_ban intensive course for scientists, engineers, and programmers /
260 _aNoida
_bPearson
_c2016
270 _a7th Floor, Knowledge Boulevard, Sector 62
_bNoida
_e201309 (U.P.) India
300 _axxi,444p.
_c24cm(pbk)
_bill.
500 _aincluds index
942 _2ddc
_cEN
999 _c102013
_d102013